[Event "Plymouth (MI Op/6/37)"]
[Site "?"]
[Date "1984.??.??"]
[Round "?"]
[White "Foote, F.."]
[Black "Basas, J.."]
[Result "1-0"]
[WhiteElo "2045"]
[BlackElo "1605"]
[PlyCount "49"]
[EventDate "1984.??.??"]

{6/(37)} 1. Nf3 d5 2. d4 Bg4 3. Nbd2 Nf6 4. h3 Bh5 5. Ne5 e6 6. g4 Bg6 7. Bg2
Nfd7 8. Nxg6 fxg6 9. e4 Nb6 10. O-O c6 11. Qe2 Kd7 12. c4 dxc4 13. Nxc4 Nxc4
14. Qxc4 Qc7 15. Be3 Bd6 16. Rac1 Rf8 17. e5 Be7 18. Rfd1 b5 19. Qb3 Qb6 20. d5
c5 21. dxe6+ Ke8 22. Bxa8 Bh4 23. Rd6 Qa5 24. Bxc5 a6 25. Rb6 1-0

[Event "East Detroit (MCO/5/30)"]
[Site "?"]
[Date "1984.??.??"]
[Round "?"]
[White "Foord, Allan"]
[Black "Shoults, J.."]
[Result "0-1"]
[WhiteElo "1705"]
[BlackElo "1605"]
[PlyCount "50"]
[EventDate "1984.??.??"]

{5/(30)} 1. e4 d6 2. d4 Nf6 3. Nc3 g6 4. Be3 Bg7 5. Nf3 O-O 6. Bc4 Nxe4 7. Nxe4
d5 8. Bd3 dxe4 9. Bxe4 Nd7 10. O-O Nf6 11. Bd3 Re8 12. c4 c6 13. h3 Qc7 14. Qd2
Bd7 15. Ne5 Rad8 16. Bf4 Qc8 17. Nxd7 Qxd7 18. Be3 Nh5 19. g4 Bxd4 20. gxh5
Bxe3 21. Qxe3 Qxd3 22. hxg6 hxg6 23. Qxa7 Qxh3 24. Qxb7 Qg4+ 25. Kh2 Kg7 0-1

[Event "Plymouth (MI Op/3/82)"]
[Site "?"]
[Date "1984.??.??"]
[Round "?"]
[White "Foord, Allan"]
[Black "Shields, S.."]
[Result "1-0"]
[WhiteElo "1725"]
[BlackElo "1605"]
[PlyCount "69"]
[EventDate "1984.??.??"]

{3/(82)} 1. e4 e6 2. d4 b6 3. c4 Bb7 4. Nc3 h6 5. Nf3 Bb4 6. Bd3 Nf6 7. Qe2 d5
8. cxd5 O-O 9. dxe6 fxe6 10. O-O Bxc3 11. bxc3 a6 12. Ba3 Rf7 13. Ne5 Qe8 14.
Nxf7 Qxf7 15. f4 Nbd7 16. f5 Kh8 17. fxe6 Qxe6 18. e5 Nd5 19. Qe4 Qg8 20. c4 c5
21. cxd5 Bxd5 22. Qe3 Re8 23. Bxa6 Qe6 24. dxc5 bxc5 25. Bb5 Qg4 26. Rf2 Rxe5
27. Bxd7 Rxe3 28. Bxg4 Rxa3 29. Rf8+ Bg8 30. Be6 g6 31. Rxg8+ Kh7 32. Rd1 h5
33. Rd7+ Kh6 34. h4 g5 35. hxg5# 1-0

[Event "Plymouth (MI Op/1a/24)"]
[Site "?"]
[Date "1984.??.??"]
[Round "?"]
[White "Foord, Allan"]
[Black "Kappler, M.."]
[Result "0-1"]
[WhiteElo "1725"]
[BlackElo "1605"]
[PlyCount "74"]
[EventDate "1984.??.??"]

1. e4 e5 2. Nf3 Nc6 3. Bb5 a6 4. Ba4 d6 5. h3 Bd7 6. d4 exd4 7. Nxd4 Nxd4 8.
Qxd4 c5 9. Bxd7+ Qxd7 10. Qd3 Nf6 11. Bg5 Be7 12. c4 h6 13. Bh4 O-O 14. Nc3
Rfe8 15. O-O Qc6 16. Rad1 Nxe4 17. Nxe4 Bxh4 18. Nxd6 Rad8 19. Qb3 Rxd6 20.
Rxd6 Qxd6 21. Qxb7 Re2 22. a3 Qd4 23. Qc8+ Kh7 24. Qf5+ Kg8 25. Qc8+ Kh7 26.
Qf5+ g6 27. Qxf7+ Qg7 28. Qd5 Qf8 29. Qd7+ Kh8 30. Qg4 Bxf2+ 31. Kh1 Re1 32.
Rxe1 Bxe1 33. Qxg6 Ba5 34. Kg1 Bc7 35. Qxa6 Bg3 36. Qxh6+ Qxh6 37. Kf1 Qe3 0-1

[Event "East Detroit (MCO/2/33)"]
[Site "?"]
[Date "1984.??.??"]
[Round "?"]
[White "Foord, Allan"]
[Black "Jackson, C.."]
[Result "0-1"]
[WhiteElo "1705"]
[BlackElo "1605"]
[PlyCount "142"]
[EventDate "1984.??.??"]

{2/(33)} 1. e4 c5 2. Nf3 Nc6 3. d4 cxd4 4. Nxd4 Nf6 5. Nc3 e6 6. Bg5 Be7 7. Be2
d6 8. O-O O-O 9. Kh1 Qb6 10. Nb3 Re8 11. Bxf6 Bxf6 12. Qxd6 Rd8 13. Qc5 Qc7 14.
f4 Bd7 15. e5 Be7 16. Qc4 Rac8 17. Bd3 Qb6 18. Qe4 g6 19. a3 Be8 20. Rad1 Nd4
21. Nxd4 Rxd4 22. Qe3 Bc5 23. Ne4 Qxb2 24. Nf6+ Kg7 25. Qh3 h6 26. Rf3 Bb5 27.
Ng4 h5 28. Nf6 Bxd3 29. cxd3 Qxa3 30. Qg3 Kh6 31. Qg5+ Kg7 32. Nxh5+ Kf8 33.
Qh6+ Ke7 34. Qg5+ Kd7 35. Nf6+ Kc7 36. Ne4 Be7 37. Qg3 Kb8 38. Qf2 Rcd8 39. Qe2
a5 40. Qe3 Qb4 41. Qc1 a4 42. Nf2 Rc8 43. Qa1 a3 44. Rb1 Qc3 45. g3 Qc2 46.
Rxb7+ Kxb7 47. Qxd4 Bc5 48. Qd7+ Rc7 49. Qb5+ Bb6 50. d4 a2 51. Rb3 Qxb3 52.
Qxb3 a1=Q+ 53. Kg2 Qxd4 54. Ng4 Qd5+ 55. Qxd5+ exd5 56. h4 d4 57. Nf2 Rc2 58.
Kf3 Kc6 59. Nd3 Rc3 60. Ke4 Kb5 61. g4 Kc4 62. Nb2+ Kb3 63. Nd3 Rc2 64. f5
gxf5+ 65. gxf5 Rh2 66. e6 Rxh4+ 67. Kd5 fxe6+ 68. fxe6 Kc3 69. Ne5 Bd8 70. Kd6
d3 71. Nxd3 Rd4+ 0-1

[Event "East Detroit (MCO/4/30)"]
[Site "?"]
[Date "1984.??.??"]
[Round "?"]
[White "Foord, Allan"]
[Black "Collins, Charles"]
[Result "1-0"]
[WhiteElo "1705"]
[BlackElo "1605"]
[PlyCount "51"]
[EventDate "1984.??.??"]

{4/(30)} 1. e4 c5 2. Nf3 d6 3. d4 cxd4 4. Nxd4 Nc6 5. Nc3 g6 6. Bc4 Bg7 7. Be3
a6 8. Qd2 Qc7 9. Bb3 Bd7 10. O-O-O b5 11. Nd5 Qb7 12. f4 e6 13. Nc3 b4 14. Na4
Na5 15. Nb6 Qxb6 16. Nxe6 Nxb3+ 17. axb3 Qc6 18. Nxg7+ Kf8 19. Qxd6+ Qxd6 20.
Rxd6 Bg4 21. Bd4 f6 22. h3 Bc8 23. Ne6+ Ke7 24. Bc5 Bxe6 25. Rxa6+ Kf7 26. Rxa8
1-0

[Event "Plymouth (MI Op/5/56)"]
[Site "?"]
[Date "1984.??.??"]
[Round "?"]
[White "Foord, Allan"]
[Black "Carpenter, O.."]
[Result "1-0"]
[WhiteElo "1725"]
[BlackElo "1605"]
[PlyCount "59"]
[EventDate "1984.??.??"]

{5/(56)} 1. e4 c5 2. Nf3 d6 3. d4 cxd4 4. Nxd4 Nf6 5. Nc3 g6 6. Bc4 Bg7 7. Be3
Ng4 8. Bg5 O-O 9. Nd5 Nf6 10. Nxf6+ exf6 11. Be3 Nd7 12. Qd2 Re8 13. f3 Ne5 14.
Bb3 Be6 15. Nb5 Nc4 16. Bxc4 Bxc4 17. Nxd6 Rc8 18. Nxe8 Qxd2+ 19. Bxd2 Rxe8 20.
O-O-O Bf8 21. Bc3 Bg7 22. Rd7 Rb8 23. Rhd1 Rf8 24. Rxb7 Be2 25. Re1 Rd8 26.
Rxe2 Bh6+ 27. Bd2 Rxd2 28. Rxd2 Bxd2+ 29. Kxd2 Kg7 30. c4 1-0

[Event "Plymouth (MI Op/6/30)"]
[Site "?"]
[Date "1984.??.??"]
[Round "?"]
[White "Foord, Allan"]
[Black "Bemben, R.."]
[Result "0-1"]
[WhiteElo "1725"]
[BlackElo "1930"]
[PlyCount "56"]
[EventDate "1984.??.??"]

{6/(30)} 1. e4 c6 2. d4 d5 3. Nc3 dxe4 4. Nxe4 Nd7 5. Nf3 Ngf6 6. Nxf6+ Nxf6 7.
Bd3 Bg4 8. h3 Bh5 9. g4 Bg6 10. Bf4 e6 11. Qe2 Bd6 12. Bxg6 hxg6 13. Ne5 Bb4+
14. Bd2 Qd5 15. O-O-O Bxd2+ 16. Qxd2 Qxa2 17. Qd3 Nd5 18. Qa3 Qxa3 19. bxa3 Nf4
20. h4 Ke7 21. c3 Rac8 22. Kc2 Rhd8 23. Rb1 b6 24. Rhg1 c5 25. dxc5 Rxc5 26.
Rge1 f6 27. Nf3 Rd3 28. Re3 Rcxc3+ 0-1

[Event "Plymouth (MI Op/4/82)"]
[Site "?"]
[Date "1984.??.??"]
[Round "?"]
[White "Fletcher, G.."]
[Black "Zorn, G.."]
[Result "1-0"]
[WhiteElo "1605"]
[BlackElo "1605"]
[PlyCount "109"]
[EventDate "1984.??.??"]

{4/(82)} 1. e4 c5 2. Nf3 d6 3. d4 cxd4 4. Nxd4 Nf6 5. Bg5 e6 6. Nc3 Be7 7. Bd3
Qb6 8. Nb3 Nc6 9. Bb5 Qc7 10. O-O a6 11. Bxc6+ Qxc6 12. Nd4 Qb6 13. Na4 Qa5 14.
Bxf6 Bxf6 15. Nc3 Qc5 16. Nce2 O-O 17. c3 Rd8 18. Ng3 Be5 19. Kh1 b5 20. f4 Bf6
21. Nh5 Bxd4 22. cxd4 Qc6 23. Rc1 Qxe4 24. Qg4 Qg6 25. Qf3 Ra7 26. Rc3 Bb7 27.
Qe2 Bxg2+ 28. Qxg2 Qxh5 29. Qg3 Qd5+ 30. Rff3 Qxd4 31. Rfd3 Qe4+ 32. Kg1 Qg6
33. Rxd6 Rf8 34. Rcc6 Qxg3+ 35. hxg3 Rfa8 36. Kf2 Kf8 37. Ke3 Ke7 38. Ke4 a5
39. a3 Rb8 40. b3 h6 41. Rb6 Rxb6 42. Rxb6 a4 43. b4 Rc7 44. Rxb5 Kd6 45. Ra5
Rc3 46. Rxa4 f5+ 47. Kd4 Rxg3 48. b5 Rf3 49. Ra6+ Kc7 50. Kc5 h5 51. b6+ Kb7
52. Ra7+ Kb8 53. Kc6 Rc3+ 54. Kd7 h4 55. Rc7 1-0

[Event "Plymouth (MI Op/6/71)"]
[Site "?"]
[Date "1984.??.??"]
[Round "?"]
[White "Fletcher, G.."]
[Black "Vandenburg, V.E.."]
[Result "0-1"]
[WhiteElo "1605"]
[BlackElo "1640"]
[PlyCount "42"]
[EventDate "1984.??.??"]

{6/(71)} 1. e4 e6 2. d4 a6 3. Nf3 b5 4. c4 bxc4 5. Bxc4 Bb7 6. Nc3 Bb4 7. d5
Nf6 8. Bd2 O-O 9. O-O Bxc3 10. Bxc3 Nxe4 11. dxe6 fxe6 12. Bb4 c5 13. Ba3 Qc7
14. Re1 Rf4 15. Bd3 Nf6 16. h3 Bxf3 17. gxf3 Rh4 18. Kg2 Nh5 19. Rh1 Qe5 20.
Re1 Nf4+ 21. Kf1 Qg5 0-1

[Event "Plymouth (MI Op/3/76)"]
[Site "?"]
[Date "1984.??.??"]
[Round "?"]
[White "Fletcher, G.."]
[Black "Coleman, John"]
[Result "0-1"]
[WhiteElo "1605"]
[BlackElo "1780"]
[PlyCount "52"]
[EventDate "1984.??.??"]

{3/(76)} 1. e4 c6 2. d4 d5 3. exd5 cxd5 4. Nf3 Nf6 5. c4 e6 6. Nc3 Nc6 7. Bg5
Be7 8. cxd5 Nxd5 9. Nxd5 Qxd5 10. Bxe7 Nxe7 11. Be2 Bd7 12. O-O O-O 13. Qd2 Bc6
14. Nh4 Nf5 15. Nf3 Rfd8 16. Rfd1 Qd6 17. b3 Rd7 18. Ne5 Rdd8 19. Nxc6 bxc6 20.
Qc3 Nxd4 21. Rd2 Nf3+ 22. Bxf3 Qxd2 23. Qxd2 Rxd2 24. Bxc6 Rc8 25. Be4 f5 26.
Bb1 Rc1# 0-1

[Event "Plymouth (MI Op/5/36)"]
[Site "?"]
[Date "1984.??.??"]
[Round "?"]
[White "Finegold, Ben"]
[Black "Thomas, Henry"]
[Result "1-0"]
[WhiteElo "2250"]
[BlackElo "1685"]
[PlyCount "107"]
[EventDate "1984.??.??"]

{5/(36)} 1. e4 e5 2. Nf3 Nf6 3. Nxe5 d6 4. Nxf7 Kxf7 5. d4 Bg4 6. Qd3 Nc6 7. f3
Bd7 8. Nc3 Be7 9. f4 Re8 10. e5 dxe5 11. fxe5 Bg4 12. Be3 Nd5 13. Qe4 Nxe3 14.
Qxe3 Qxd4 15. Qxd4 Nxd4 16. Bc4+ Be6 17. O-O+ Kg8 18. Bd3 Bc5 19. Kh1 Rf8 20.
Ne4 Rxf1+ 21. Rxf1 Bb6 22. Ng5 h6 23. Nxe6 Nxe6 24. Bc4 Re8 25. c3 Kh8 26. h4
Re7 27. h5 g6 28. Rf6 Ng5 29. Rxg6 Rxe5 30. Rxh6+ Kg7 31. Rg6+ Kf8 32. Rg8+ Ke7
33. h6 Nf7 34. Bxf7 Kxf7 35. Rg7+ Kf8 36. g4 Be3 37. Rxc7 Bxh6 38. Rxb7 Re7 39.
Rxe7 Kxe7 40. Kg2 Ke6 41. Kf3 Kd5 42. b3 a5 43. Ke2 Ke4 44. a4 Kf4 45. Kd3 Kxg4
46. b4 axb4 47. cxb4 Bf4 48. a5 Bc7 49. Ke4 Kg5 50. Kd5 Kf5 51. Kc6 Bf4 52. a6
Be3 53. b5 Ke6 54. b6 1-0

[Event "Midwest Masters-B"]
[Site "Chicago"]
[Date "1984.??.??"]
[Round "3"]
[White "Finegold, Ben"]
[Black "Odendahl, Steven M"]
[Result "1/2-1/2"]
[WhiteElo "2305"]
[BlackElo "2435"]
[PlyCount "41"]
[EventDate "1984.??.??"]

1. c4 e6 2. Nc3 d5 3. d4 Nf6 4. Bg5 Nbd7 5. e3 c6 6. Nf3 Qa5 7. Nd2 dxc4 8.
Bxf6 Nxf6 9. Nxc4 Qc7 10. Rc1 Be7 11. Be2 O-O 12. O-O Rd8 13. Qb3 Bd7 14. Bf3
Be8 15. Rfd1 Rac8 16. a4 Nd5 17. Ne2 Nb4 18. Nf4 g6 19. Ne5 Bd6 20. Ng4 Kg7 21.
d5 1/2-1/2

[Event "East Detroit (MCO/6/4)"]
[Site "?"]
[Date "1984.??.??"]
[Round "?"]
[White "Finegold, Ben"]
[Black "Murray, David"]
[Result "1-0"]
[WhiteElo "2280"]
[BlackElo "2075"]
[PlyCount "61"]
[EventDate "1984.??.??"]

{6/(4)} 1. d4 Nf6 2. c4 e6 3. Nc3 c5 4. Nf3 cxd4 5. Nxd4 Nc6 6. Ndb5 d6 7. Bg5
a6 8. Bxf6 gxf6 9. Na3 f5 10. g3 Bg7 11. Qd2 O-O 12. Bg2 Qc7 13. Rc1 Bd7 14.
O-O Ne5 15. Rfd1 Nxc4 16. Nxc4 Qxc4 17. Qxd6 Bc6 18. b3 Qg4 19. Bxc6 bxc6 20.
Qf4 Qxf4 21. gxf4 Rfd8 22. Na4 Rxd1+ 23. Rxd1 Rc8 24. Nb6 Rb8 25. Nc4 c5 26.
Rd6 a5 27. Nxa5 Ra8 28. Nb7 Rxa2 29. Nxc5 Rxe2 30. Rd8+ Bf8 31. Nd7 1-0

[Event "Midwest Masters-B"]
[Site "Chicago"]
[Date "1984.??.??"]
[Round "4"]
[White "Finegold, Ben"]
[Black "Martinovsky, Eugene"]
[Result "0-1"]
[WhiteElo "2305"]
[BlackElo "2375"]
[PlyCount "120"]
[EventDate "1984.??.??"]

1. d4 Nf6 2. c4 g6 3. Nc3 d5 4. Bg5 Ne4 5. Bh4 c5 6. cxd5 Nxc3 7. bxc3 Qxd5 8.
e3 cxd4 9. Qxd4 Qxd4 10. cxd4 e6 11. Rb1 Be7 12. Bg3 Nc6 13. Bb5 Bd7 14. Nf3 a6
15. Bd3 Nb4 16. Be4 f5 17. Bxb7 Ra7 18. a3 Rxb7 19. axb4 Bxb4+ 20. Nd2 Bc6 21.
f3 Ke7 22. Rb2 a5 23. O-O Bxd2 24. Rxd2 Ra8 25. Ra1 a4 26. Rda2 Rb3 27. e4 Rd3
28. Bf2 fxe4 29. fxe4 Bxe4 30. Rxa4 Rxa4 31. Bh4+ Kd6 32. Rxa4 Rd2 33. g4 Rg2+
34. Kf1 Rxg4 35. Bg3+ Kd5 36. Kf2 Bf5 37. Be5 h5 38. Ra5+ Ke4 39. Ra3 h4 40.
Rb3 Rg5 41. Bf6 Rh5 42. Rb7 Bh3 43. Ke1 Kf3 44. Rb2 Bf5 45. Rf2+ Kg4 46. Rd2
Be4 47. Be5 Rh7 48. Rf2 g5 49. Re2 Bd5 50. Re3 Rf7 51. Rc3 Rb7 52. Rc2 Rb3 53.
Kf2 Kh3 54. Rd2 g4 55. Kf1 g3 56. hxg3 hxg3 57. Rd1 Rb2 58. Rc1 Bf3 59. Re1 Rh2
60. Bxg3 Kxg3 0-1

[Event "East Detroit (MCO/2/4)"]
[Site "?"]
[Date "1984.??.??"]
[Round "?"]
[White "Finegold, Ben"]
[Black "Johnson, Ri"]
[Result "1-0"]
[WhiteElo "2280"]
[BlackElo "1935"]
[PlyCount "55"]
[EventDate "1984.??.??"]

{2/(4)} 1. d4 Nf6 2. c4 e6 3. Nc3 Bb4 4. Qc2 c5 5. dxc5 O-O 6. Nf3 Bxc5 7. Bg5
Nc6 8. e3 d6 9. Be2 Qe7 10. O-O h6 11. Bh4 Bd7 12. a3 a5 13. Rad1 Kh8 14. Ne4
Rad8 15. Nfd2 Rg8 16. Nxf6 gxf6 17. Ne4 Rg6 18. Bh5 Rdg8 19. Bxg6 Rxg6 20. Nxc5
dxc5 21. Qc3 e5 22. Qd3 Be6 23. f4 Rg4 24. Bg3 f5 25. fxe5 Bxc4 26. Qxf5 Be2
27. Rd2 Rg5 28. Qf6+ 1-0

[Event "East Detroit (MCO/4/10)"]
[Site "?"]
[Date "1984.??.??"]
[Round "?"]
[White "Finegold, Ben"]
[Black "Gaba, H.."]
[Result "1-0"]
[WhiteElo "2280"]
[BlackElo "1840"]
[PlyCount "39"]
[EventDate "1984.??.??"]

{4/(10)} 1. d4 d5 2. c4 e6 3. Nc3 Nf6 4. Bg5 Bb4 5. e3 Bxc3+ 6. bxc3 h6 7. Bh4
O-O 8. Nf3 a6 9. c5 Nc6 10. Bd3 g5 11. Bg3 Ne4 12. Bxe4 dxe4 13. Ne5 Nxe5 14.
Bxe5 f6 15. Bg3 b5 16. h4 Qe7 17. hxg5 hxg5 18. Rh6 Qg7 19. Qh5 Ra7 20. c6 1-0

[Event "East Lansing (MEX/2)"]
[Site "?"]
[Date "1984.??.??"]
[Round "?"]
[White "Finegold, Ben"]
[Black "Foote, F.."]
[Result "0-1"]
[WhiteElo "2315"]
[BlackElo "2010"]
[PlyCount "88"]
[EventDate "1984.??.??"]

1. e4 Nf6 2. e5 Nd5 3. d4 d6 4. Nf3 Bg4 5. Be2 e6 6. h3 Bxf3 7. Bxf3 dxe5 8.
dxe5 Nc6 9. O-O Be7 10. c4 Ndb4 11. Qa4 O-O 12. a3 Nd3 13. Bxc6 bxc6 14. Rd1
Qd4 15. Be3 Qxb2 16. Nd2 Rfd8 17. Qxc6 Qxe5 18. Nf3 Qd6 19. Qxd6 Rxd6 20. Nd4
Bf6 21. Rxd3 c5 22. Rad1 Bxd4 23. Rb1 Rad8 24. Rb7 R6d7 25. Rb5 Kf8 26. Bxd4
cxd4 27. c5 f6 28. f4 Rc7 29. Kf2 e5 30. Kf3 Rd5 31. fxe5 fxe5 32. Ke4 Rdxc5
33. Rb8+ Ke7 34. Rg3 g6 35. Rh8 Ke6 36. Rg5 Kf6 37. h4 Rc1 38. Rf8+ Kg7 39. Rf2
Re1+ 40. Kd5 d3 41. Rxe5 Rd7+ 42. Ke6 Rxe5+ 43. Kxd7 Rd5+ 44. Kc6 d2 0-1

[Event "East Lansing (MEX/4)"]
[Site "?"]
[Date "1984.??.??"]
[Round "?"]
[White "Finegold, Ben"]
[Black "Feldstein, R.."]
[Result "1-0"]
[WhiteElo "2315"]
[BlackElo "2000"]
[PlyCount "67"]
[EventDate "1984.??.??"]

1. e4 Nf6 2. e5 Nd5 3. c4 Nb6 4. c5 Nd5 5. Nc3 Nxc3 6. dxc3 b6 7. Qf3 c6 8. Be3
e6 9. cxb6 axb6 10. Bd3 Ba6 11. Bc2 Ra7 12. Qg3 d5 13. exd6 Nd7 14. Be4 c5 15.
Nf3 Bb7 16. Bxb7 Rxb7 17. O-O Nf6 18. Rad1 Rd7 19. Rde1 Ne4 20. Qg4 Nf6 21. Qg3
Ne4 22. Qf4 Nf6 23. Qa4 Bxd6 24. Bg5 h6 25. Bxf6 gxf6 26. Qg4 Ke7 27. Nh4 Be5
28. f4 h5 29. Qg7 Rg8 30. Qh7 Rg4 31. Qxh5 Rxf4 32. Rxf4 Bxf4 33. Nf5+ Kf8 34.
Qh8# 1-0

[Event "Plymouth (MI Op/3/78)"]
[Site "?"]
[Date "1984.??.??"]
[Round "?"]
[White "Finegold, Ben"]
[Black "Conley, Steve"]
[Result "1-0"]
[WhiteElo "2250"]
[BlackElo "1605"]
[PlyCount "63"]
[EventDate "1984.??.??"]

{3/(78)} 1. e4 c5 2. d4 cxd4 3. c3 dxc3 4. Nxc3 Nc6 5. Bc4 e6 6. Nf3 Nf6 7. e5
Ng4 8. Qe2 d6 9. Bg5 Be7 10. Bxe7 Qxe7 11. exd6 Qxd6 12. Rd1 Qe7 13. O-O O-O
14. Rfe1 h6 15. Nd4 Nxd4 16. Qxg4 e5 17. Qxd4 exd4 18. Rxe7 dxc3 19. bxc3 b6
20. Rxf7 Rxf7 21. Rd8+ Kh7 22. Bxf7 Bb7 23. Rd7 Bc6 24. Rd6 Rf8 25. Bg6+ Kh8
26. Rxc6 Rd8 27. h4 Kg8 28. Rc7 a5 29. Rb7 Kf8 30. Rxb6 Rc8 31. Re6 Rd8 32. c4
1-0

[Event "Plymouth (MI Op/7/14)"]
[Site "?"]
[Date "1984.??.??"]
[Round "?"]
[White "Finegold, Ben"]
[Black "Bemben, R.."]
[Result "1-0"]
[WhiteElo "2250"]
[BlackElo "1930"]
[PlyCount "77"]
[EventDate "1984.??.??"]

{7/(14)} 1. f4 d5 2. Nf3 Nf6 3. e3 c5 4. b3 Nc6 5. Bb2 e6 6. Bb5 Be7 7. O-O O-O
8. Bxc6 bxc6 9. d3 Qc7 10. Nbd2 Nd7 11. Qe1 Bf6 12. Bxf6 Nxf6 13. Ne5 Ne8 14.
Qh4 f6 15. Ng4 Qf7 16. Rf3 Nd6 17. e4 Kh8 18. Raf1 Bd7 19. Ne5 Qe8 20. Rh3 h6
21. Ng4 Qg6 22. Rff3 Rf7 23. Rfg3 Qh7 24. Qh5 Raf8 25. Nxh6 Qxh6 26. Qf3 Ne8
27. Rxh6+ gxh6 28. Qh5 Rh7 29. Nf3 Ng7 30. Qh3 Be8 31. Nh4 h5 32. Ng6+ Bxg6 33.
Rxg6 Rf7 34. Qh4 Ne8 35. e5 d4 36. exf6 Nd6 37. Qg5 Rf8 38. Rh6 Nf7 39. Qg7#
1-0

[Event "Plymouth (MI Op/1a/1)"]
[Site "?"]
[Date "1984.??.??"]
[Round "?"]
[White "Finegold, Ben"]
[Black "Bailey, Greg"]
[Result "0-1"]
[WhiteElo "2250"]
[BlackElo "1985"]
[PlyCount "92"]
[EventDate "1984.??.??"]

1. d4 Nf6 2. c4 g6 3. Nc3 Bg7 4. e4 d6 5. f3 O-O 6. Be3 e5 7. Nge2 c6 8. Qd2
Nbd7 9. d5 Nb6 10. Ng3 Ne8 11. c5 cxd5 12. exd5 Nd7 13. Nge4 dxc5 14. Nxc5 b6
15. N5e4 f5 16. Bg5 Ndf6 17. Nxf6+ Bxf6 18. Bh6 Rf7 19. Bb5 Nd6 20. Bc6 Bb7 21.
Bxb7 Rxb7 22. Be3 Nc4 23. Qe2 Rc8 24. O-O Rbc7 25. Rac1 Nxe3 26. Qxe3 Bg5 27.
Qxe5 Re7 28. Qg3 Be3+ 29. Kh1 Bxc1 30. Rxc1 Qxd5 31. Qg5 Qe6 32. h4 Qe3 33.
Qxe3 Rxe3 34. Rd1 Kf7 35. Kg1 Rc4 36. Kf2 Re7 37. g3 Ke8 38. Rd2 Rc8 39. Rd4
Rd8 40. Nd5 Rb7 41. Nf6+ Ke7 42. Rxd8 Kxd8 43. Ke3 Rf7 44. Nd5 Kd7 45. Kf4 Ke6
46. Ne3 Rd7 0-1

[Event "East Detroit (MCO/2/2)"]
[Site "?"]
[Date "1984.??.??"]
[Round "?"]
[White "Findlay, I.."]
[Black "Moody, David"]
[Result "1-0"]
[WhiteElo "2340"]
[BlackElo "1955"]
[PlyCount "111"]
[EventDate "1984.??.??"]

{2/(2)} 1. e4 e5 2. Nf3 Nc6 3. Bb5 a6 4. Ba4 Nf6 5. O-O Be7 6. Re1 b5 7. Bb3
O-O 8. c3 d5 9. exd5 Nxd5 10. Nxe5 Nxe5 11. Rxe5 c6 12. d4 Bd6 13. Re1 Qh4 14.
g3 Qh3 15. Be3 Bg4 16. Qd3 Rae8 17. Nd2 Re6 18. a4 f5 19. Qf1 Qh5 20. f4 bxa4
21. Rxa4 Rfe8 22. Qf2 g5 23. fxg5 f4 24. gxf4 Qh3 25. Nf1 Bf3 26. Raa1 Bxf4 27.
Bxf4 Rxe1 28. Rxe1 Rxe1 29. Bg3 Be4 30. Bc4 Rc1 31. Qe2 Qf5 32. Qh5 Qg6 33. Qg4
Qf5 34. Qh5 Qe6 35. g6 Qxg6 36. Qh4 h5 37. Qd8+ Kh7 38. Qd7+ Kh6 39. Qd8 Ne3
40. Qh8+ Kg5 41. Qe5+ Kh6 42. Qf4+ Kh7 43. Qxe3 Rc2 44. Nd2 Rc1+ 45. Kf2 Rc2
46. Be2 Bf5 47. b4 Rc1 48. Nf3 Rc2 49. Ng5+ Kg8 50. Ke1 Rb2 51. h4 Rb1+ 52. Kf2
Rb2 53. Qe7 Qg7 54. Qd8+ Qf8 55. Qxf8+ Kxf8 56. Ke3 1-0

[Event "East Detroit (MCO/4/9)"]
[Site "?"]
[Date "1984.??.??"]
[Round "?"]
[White "Findlay, I.."]
[Black "Darbro, D.."]
[Result "1-0"]
[WhiteElo "2340"]
[BlackElo "1850"]
[PlyCount "53"]
[EventDate "1984.??.??"]

{4/(9)} 1. e4 e6 2. d4 d5 3. Nc3 Nf6 4. Bg5 Be7 5. e5 Nfd7 6. h4 b6 7. Qg4 f5
8. Qh5+ g6 9. Qh6 Bxg5 10. hxg5 Qe7 11. Nh3 Ba6 12. Nf4 Nf8 13. Ncxd5 exd5 14.
Nxd5 Qd8 15. Nf6+ Kf7 16. O-O-O Nfd7 17. f4 Nxf6 18. gxf6 Qf8 19. Qh3 Qb4 20.
g4 Bxf1 21. Rhxf1 fxg4 22. Qxg4 Qf8 23. f5 Qc8 24. e6+ Kxf6 25. fxg6+ Ke7 26.
Rf7+ Kd6 27. Qf4+ 1-0

[Event "East Detroit (MCO/6/2)"]
[Site "?"]
[Date "1984.??.??"]
[Round "?"]
[White "Findlay, I.."]
[Black "Brooks, John"]
[Result "1-0"]
[WhiteElo "2340"]
[BlackElo "2135"]
[PlyCount "63"]
[EventDate "1984.??.??"]

{6/(2)} 1. e4 d5 2. exd5 Nf6 3. c4 c6 4. Nc3 cxd5 5. d4 e6 6. Nf3 a6 7. c5 b6
8. b4 a5 9. Na4 Nbd7 10. Bb5 bxc5 11. bxc5 Ba6 12. Bxa6 Rxa6 13. O-O Qc7 14.
Rb1 Be7 15. Bg5 Ne4 16. Bxe7 Kxe7 17. Qd3 Qc6 18. Nb6 Ra7 19. Nxd7 Qxd7 20. Ne5
Qc7 21. f3 Nf6 22. Rb6 Rb7 23. Qb5 Rxb6 24. cxb6 Qc3 25. Kh1 Kd6 26. Nxf7+ Ke7
27. Nxh8 Nd7 28. b7 Qc7 29. Rb1 Nb8 30. Qc5+ Qxc5 31. dxc5 d4 32. Rg1 1-0

[Event "Plymouth (MI Op/4/65)"]
[Site "?"]
[Date "1984.??.??"]
[Round "?"]
[White "Feldman, J.."]
[Black "Thorsen, K.."]
[Result "1/2-1/2"]
[WhiteElo "1605"]
[BlackElo "1680"]
[PlyCount "78"]
[EventDate "1984.??.??"]

{4/(65)} 1. e4 c5 2. d4 cxd4 3. c3 dxc3 4. Nxc3 g6 5. Nf3 Bg7 6. Bd2 d6 7. h3
Nc6 8. Bc4 Nf6 9. Qb3 Na5 10. Bxf7+ Kf8 11. Qa3 Kxf7 12. Nd5 Nc6 13. Nxf6 Bxf6
14. Qb3+ Ke8 15. Bg5 Qa5+ 16. Bd2 Qa6 17. Bg5 Qa5+ 18. Bd2 Qa6 19. Bg5 Rf8 20.
Bxf6 exf6 21. Rd1 Ke7 22. a3 Be6 23. Qc2 Rac8 24. Qd2 Rcd8 25. Nd4 Nxd4 26.
Qxd4 Rd7 27. Rd3 Rc8 28. O-O Bc4 29. Rc1 Bxd3 30. Rxc8 b6 31. Rh8 Ke6 32. Qd5+
Ke7 33. Rxh7+ Kd8 34. Rxd7+ Kxd7 35. Qf7+ Kc6 36. Qd5+ Kc7 37. Qf7+ Kb8 38.
Qf8+ Kc7 39. Qf7+ Kc8 1/2-1/2

[Event "Plymouth (MI Op/6/58)"]
[Site "?"]
[Date "1984.??.??"]
[Round "?"]
[White "Feldman, J.."]
[Black "Thomas, Henry"]
[Result "1-0"]
[WhiteElo "1605"]
[BlackElo "1685"]
[PlyCount "36"]
[EventDate "1984.??.??"]

{6/(58)} 1. e4 e5 2. d4 exd4 3. c3 dxc3 4. Bc4 d5 5. Bxd5 Nc6 6. Nxc3 Bb4 7.
Bxc6+ bxc6 8. Qxd8+ Kxd8 9. Nf3 Bxc3+ 10. bxc3 Nf6 11. Bg5 Ke7 12. e5 Ke6 13.
exf6 gxf6 14. Bf4 Re8 15. O-O Bb7 16. Bxc7 Rg8 17. Bg3 f5 18. Rfe1+ Kd7 1-0

[Event "East Detroit (MCO/4/36)"]
[Site "?"]
[Date "1984.??.??"]
[Round "?"]
[White "Feldman, J.."]
[Black "Steen, Harold"]
[Result "0-1"]
[WhiteElo "1605"]
[BlackElo "1620"]
[PlyCount "24"]
[EventDate "1984.??.??"]

{4/(36)} 1. e4 d6 2. d4 Nf6 3. Nc3 g6 4. f4 Bg7 5. Nf3 c5 6. d5 Qa5 7. Bd2 Qb4
8. b3 Nxe4 9. Nxe4 Qxe4+ 10. Be2 Bxa1 11. Qxa1 O-O 12. c4 Bf5 0-1

[Event "Plymouth (MI Op/2/68)"]
[Site "?"]
[Date "1984.??.??"]
[Round "?"]
[White "Feldman, J.."]
[Black "Richardson, R.."]
[Result "0-1"]
[WhiteElo "1605"]
[BlackElo "1665"]
[PlyCount "64"]
[EventDate "1984.??.??"]

{2/(68)} 1. e4 d5 2. exd5 Nf6 3. d4 Nxd5 4. Nf3 Bg4 5. Be2 g6 6. h3 Bxf3 7.
Bxf3 c6 8. c4 Nb6 9. c5 Nd5 10. Bxd5 Qxd5 11. O-O Bg7 12. Be3 O-O 13. Nc3 Qd8
14. Re1 e6 15. Qd2 Re8 16. Rad1 Na6 17. Bh6 Bh8 18. Re3 Nc7 19. Rf3 Nd5 20.
Nxd5 Qxd5 21. Qf4 Re7 22. Re1 Qxd4 23. Re4 Qxc5 24. Rxe6 Rd7 25. Re4 Bxb2 26.
Rfe3 Rdd8 27. Rf3 f6 28. Qc7 Rd1+ 29. Kh2 Be5+ 30. Rxe5 Qxe5+ 31. Qxe5 fxe5 32.
g4 Rc8 0-1

[Event "East Detroit (MCO/3/46)"]
[Site "?"]
[Date "1984.??.??"]
[Round "?"]
[White "Feldman, J.."]
[Black "Harrell, J.."]
[Result "1-0"]
[WhiteElo "1605"]
[BlackElo "1605"]
[PlyCount "91"]
[EventDate "1984.??.??"]

{3/(46)} 1. e4 e6 2. d4 d5 3. Nc3 Nf6 4. e5 Nfd7 5. Nf3 Nc6 6. Bb5 Be7 7. O-O
a6 8. Bxc6 bxc6 9. Be3 c5 10. Qd2 cxd4 11. Nxd4 Bb7 12. Rad1 Nxe5 13. Rfe1 Nc4
14. Qc1 Nxe3 15. Qxe3 O-O 16. Rd3 Qd6 17. Nf5 Qd7 18. Nxe7+ Qxe7 19. Nxd5 Qd8
20. Nb6 Qxd3 21. cxd3 cxb6 22. Qxb6 Rfb8 23. Rc1 Rc8 24. Rxc8+ Rxc8 25. h3 Rb8
26. Qe3 Bd5 27. Qa7 Ra8 28. Qc5 Bxa2 29. Qc6 Bd5 30. Qd6 a5 31. f4 a4 32. f5 h6
33. fxe6 Bxe6 34. Qc6 Rb8 35. Qxa4 Rxb2 36. Qa8+ Kh7 37. Qe4+ g6 38. d4 Rb5 39.
Qc6 Rg5 40. h4 Rg4 41. d5 Bf5 42. d6 Be4 43. Qe8 Bxg2 44. Qxf7+ Kh8 45. Qe8+
Kh7 46. Qd7+ 1-0